Normal view
MARC view
Entry Topical Term
001 - CONTROL NUMBER
- control field: 28562
003 - CONTROL NUMBER IDENTIFIER
- control field: dpl
005 - DATE AND TIME OF LATEST TRANSACTION
- control field: 20110610125817.0
008 - FIXED-LENGTH DATA ELEMENTS
- fixed length control field: 110610|||a|||||| | ||| d
040 ## - CATALOGING SOURCE
- Original cataloging agency: dpl
- Transcribing agency: dpl
150 ## - HEADING--TOPICAL TERM
- Topical term or geographic name as entry element: Marathi Poetry
670 ## - SOURCE DATA FOUND
- Source citation: Work cat.: (dpl): कुलकर्णी,रवींद्र मो. 28558, स्पंदन /, व अ
670 ## - SOURCE DATA FOUND
- Source citation: Work cat.: (dpl): कुलकर्णी,रवींद्र मो. 28558, स्पंदन /, व अ
